000 00601nam a2200205Ia 4500
003 OSt
005 20251120120102.0
008 220917b |||||||| |||| 00| 0 eng d
037 _cTB
040 _aARTS
_cARTS
_beng
041 _2eng
_aeng
084 _aP0aS:4 L8
_qAL
100 _aSchawartz, Steven Ed.
_985067
245 0 _aLanguage And Cognition in Schizophrenia
260 _aN.Jersey, USA:
_bLawrence Erlbaum Associated;
_c1978.
300 _axii,288p.
_ccm.
650 _aPSYCHOLOGY
_9852556
942 _hS:1:4 L8;1
_cTB
_2CC
_n0
999 _c203303
_d203303